01018nam a22002537a 45000010005000000030006000050050017000110080041000280200018000690400029000870500014001161000022001302450086001522500028002382600053002663000049003195050008003685200274003765210020006505210020006706000020006906500020007107000034007303240FISKH20250815132143.0240221b cb ||||| |||| 00| 0 eng d a9789814281348 aFISKHbengcFISKHdFISKH a398.20948 aRandell, Beveley  aThe bear and the trolls / cby Randell, Beverley ; illustrated by Madder, Sharyn  aFirst published in 2000 aSouth Melbourne : bNelson Price Milburn ,c2000 a32 pages : bcolor illustrations ; c21 cm . aJ  aThis story is a retelling of 'The Cat on the Dovrefell' (from 'Popular Tales' from the 'Norse' by Asbjorsen and Moe, translated 1859). The trolls of Norwegian folklore were highly mischievous and this traditional tale captures their character. Set in Norway about 1800.8 a480 bLexile 8 aJ bRaz-Plus  2bears vfiction atrollsvfcition aMadder, Sharyn eillustrator